| 000 | 00598nam a2200205Ia 4500 | ||
|---|---|---|---|
| 005 | 20260429111947.0 | ||
| 008 | 260429s9999||||xx |||||||||||||| ||und|| | ||
| 020 | _a9788120351110 | ||
| 041 | _aEnglish | ||
| 082 |
_a621.47 _bSOL |
||
| 100 | _aSolanki, Chetan Singh | ||
| 245 | 0 |
_aSolar photovoltaics : _bfundamentals, technologies, and applications / _cChetan Singh Solanki |
|
| 250 | _a3rd ed. | ||
| 260 |
_aNew Delhi : _bPHI Learning, _c2025. |
||
| 300 | _axv, 506 p.; pbk | ||
| 650 | _a Solar engineering | ||
| 650 | _a Solar photovoltaics | ||
| 650 | _aHeat engineering | ||
| 942 | _cTB | ||
| 999 |
_c51630 _d51630 |
||